International economic interdependence, patterns of trade balances and economic policy coordination

Bibliographic Details
Main Authors: Baldassarri, Mario 1946- (Author), Paganetto, Luigi 1940- (Author), Phelps, Edmund S. 1933- (Author)
Format: Book
Published: New York St. Martin's Press in association with Rivista di Politica Economic, SIPI, Rome 1992.
Subjects:

MARC

LEADER 00000cam a2200000 7i4500
001 0000001524
008 021118n
020 |a 0312079834 
090 0 0 |a HF1359  |b .I5816 1992 
245 0 0 |a International economic interdependence, patterns of trade balances and economic policy coordination   |c edited by Mario Baldassarri, Luigi Paganetto and Edmund S. Phelps 
260 2 |a New York   |b St. Martin's Press in association with Rivista di Politica Economic, SIPI, Rome  |c 1992. 
300 |a vii, 441 p. ;  |c 24 cm. 
650 0 |a Balance of payments 
650 0 |a Balance of trade 
650 0 |a International economic relations 
700 0 |a Baldassarri, Mario  |d 1946-  |e author 
700 0 |a Paganetto, Luigi  |d 1940-  |e author 
700 0 |a Phelps, Edmund S.  |d 1933-  |e author 
999 |a 1000000200  |b Book  |c OPEN SHELF (30 DAYS)  |e Gong Badak Campus